01364nam a22003857a 45000010008000000030009000080050017000170070003000340080035000370200015000720400030000870820027001171000021001442450150001652500011003152640036003263000049003623360029004113370035004403380025004754900026005004900006005265000025005325210029005575340046005865900026006326500035006587000038006937000040007318300006007719100041007779420012008189520131008309990017009610011811DO-SdBPM20250616132733.0ta161123b1985 sp |||| 00| 0 spa d a8434812665 aDO-SdBPMbspacBPMSUerda 4a833.91bG866v 19852221 aGrin, A.eautor 10aEl velero rojo /cA. Grin, W. Fährmamm ; ilustración Arcadio Lobato ; traducción Jesús Larriba ; colección dirigida por Marinella Terzi a3a ed. aMadrid :bEdiciones SM, c1985. a119 páginas . :bilustración . ;c19 cm. atextobtxt 2rdacontent  asin mediación bn2rdamedia  avolumen bnc 2rdaca1 aEl barco de vaporv53 a  aA partir de 9 años1 aA partir de los 9 años pTítulo original :tDas feuerrote segel  aInventariado, 2025/VM 4aCuentos Invantiles alemanes2 1 aLarriba, Jesús, etraductor 3 1 aLobato, Arcadio,eilustración 3  a  aVMateo V. Control de calidad. BPMSU  2ddccBK 00102ddc708CI-GaBPMETbBPMETd2016-11-23eFUNDIl0oBPMSU CGI 833.91 G866v 1985pBPMSU16111514r2016-11-23w2016-11-23yBK c12049d12049